Vajdaság mezőgazdaságának fejlődési szakaszai a Szerb-Horvát-Szlovén Királyságtól napjainkig

This study attempts to point out how various political power groups has been tried to take advantage of the agricultural production of Vojvodina since 1918. It is well known that the quality of cereals produced in Vojvodina is world-class, and in terms of quantity, when weather conditions are favora...

Teljes leírás

Elmentve itt :
Bibliográfiai részletek
Szerző: Burány Mária Terézia
Dokumentumtípus: Cikk
Megjelent: Egyesület Közép-Európa Kutatására Szeged 2020
Sorozat:Köztes-Európa : társadalomtudományi folyóirat 12 No. 1
Kulcsszavak:Gazdaságtörténet - Vajdaság, Mezőgazdaság - Vajdaság, Földtörvény
Tárgyszavak:
Online Access:http://acta.bibl.u-szeged.hu/71812
LEADER 02531nab a2200229 i 4500
001 acta71812
005 20230327124317.0
008 210208s2020 hu o 0|| hun d
022 |a 2064-437X 
040 |a SZTE Egyetemi Kiadványok Repozitórium  |b hun 
041 |a hun 
041 |a eng 
100 1 |a Burány Mária Terézia 
245 1 0 |a Vajdaság mezőgazdaságának fejlődési szakaszai a Szerb-Horvát-Szlovén Királyságtól napjainkig  |h [elektronikus dokumentum] /  |c  Burány Mária Terézia 
260 |a Egyesület Közép-Európa Kutatására  |b Szeged  |c 2020 
300 |a 23-38 
490 0 |a Köztes-Európa : társadalomtudományi folyóirat  |v 12 No. 1 
520 3 |a This study attempts to point out how various political power groups has been tried to take advantage of the agricultural production of Vojvodina since 1918. It is well known that the quality of cereals produced in Vojvodina is world-class, and in terms of quantity, when weather conditions are favorable, above the national needs there is an addition amount for export. The region is called as the country's food pantry showing the importance of agriculture in this area. A significant part of the population of Vojvodina is connected to agriculture, but most of them live in small settlements. Soil, which is the most specific and important factor in agricultural production, provide a very strong comparative advantage for this area over the rest of the country. The quality of land in this area is far above the national average. In this study, it is examined how the Serbian-Croatian-Slovenian Kingdom attempted to change the agricultural structure by introducing and implementing an agricultural reform. Then the attention is drowned to the consequences of the First and the Second World War, the effects of heavy taxes in this area, and the arrival of new settlers. Then, the article tries to present the pros and cons of the "Tito Period" right up to the regime change, and then shortly introduces the changes of Milosevic. Finally, the present situation of Vojvodina’s agriculture is introduced, which actually started with the Land Law of 2006. The author tries to answer the question: Why Vojvodina, why this area was chosen by all the political powers for themselves? 
650 4 |a Bölcsészettudományok 
650 4 |a Történettudomány és régészet 
695 |a Gazdaságtörténet - Vajdaság, Mezőgazdaság - Vajdaság, Földtörvény 
856 4 0 |u http://acta.bibl.u-szeged.hu/71812/1/koztes_europa_2020_001_023-038.pdf  |z Dokumentum-elérés